000 00628nam a2200229Ia 4500
005 20260429112011.0
008 260429s9999||||xx |||||||||||||| ||und||
020 _a9780367686949
041 _aEnglish
082 _a511.6
_bZHU
100 _aZhu, Xuding
245 0 _aCombinatorial nullstellensatz :
_bwith applications to graph colouring /
_cXuding Zhu
250 _a1st ed.
260 _aBoca Raton :
_bCRC Press,
_c2022.
300 _axv, 134 p.; pbk
650 _a Algebra
650 _a Graph theory
650 _a Mathematical proofs
650 _aCombinatorics
700 _a Balakrishnan, R.
942 _cTB
999 _c51823
_d51823